Die Wehrmacht im Dritten Reich (Titelsatznr. 45003)
[ MARC ]
| 000 -Satzkennung | |
|---|---|
| Kontrollfeld mit fester Länge | 00616nam a22001811cc4500 |
| 001 - Kontrollnummer | |
| Kontrollfeld | a987674692+BandIV |
| 035 ## - Systemkontrollnummer | |
| System-Kontrollnummer | a987674692 |
| 008 - Feld mit fester Länge zur physischen Beschreibung - Allgemeine Angaben | |
| Kontrollfeld mit fester Länge | 170707s1979 gw |||| 000u ger d |
| 020 ## - Internationale Standardbuchnummer | |
| Internationale Standardbuchnummer | 3764617381 |
| Verknüpfung | 3-7646-1738-1 |
| 040 ## - Katalogisierungsquelle | |
| Übertragungsstelle | RU-10907106 |
| 003 - Kontrollnummer Identifier | |
| Kontrollfeld | RU-10907106 |
| 245 04 - Titel | |
| Titel | Die Wehrmacht im Dritten Reich |
| Zählung des Teils/der Abteilung eines Werkes | Band IV |
| Titel eines Teils/einer Abteilung eines Werkes | 5. Februar 1938 bis 31. August 1939 |
| 264 ## - Produktion, Veröffentlichung, Distribution, Herstellung und Urheberrechtsvermerk | |
| Herstellungs-, Veröffentlichungs- Vertriebs-, Erzeugungsort | Boppard am Rhein : |
| Produzent, Herausgeber, Distributor, Hersteller | Boldt, |
| Datum der Herstellung, der Veröffentlichung, des Vertriebs oder des Urheberschutzvermerks | 1979 |
| 246 12 - Titelvarianten | |
| Hauptsachtitel/Kurztitel | Die Wehrmacht im Dritten Reich : Aufbau, Gliederung, Recht, Verwaltung. 5. Februar 1938 bis 31. August 1939 |
| Zählung des Teils/der Abteilung eines Werkes | Band IV |
| 300 ## - Physische Beschreibung | |
| Umfang | XIX, 412 S. |
| 773 08 - Übergeordnete Einheit | |
| Datensatzkontrollnummer | a987674692 |
| Zählung und erste Seite | BandIV |
| 942 ## - Zusätzliche Felder (Koha) | |
| Koha-Medientyp | Monographien |
| Ausgeschieden | Verloren | Klassifikation oder Aufstellungssystematik | Beschädigt | Nicht entleihbar | Heimatbibliothek | Aufenthaltsbibliothek | Aufstellungsort | Erwerbungsdatum | Inventarnummer | Signatur | Barcode | Letzte Aktivität | Preis gültig von | Koha-Medientyp |
|---|---|---|---|---|---|---|---|---|---|---|---|---|---|---|
| Andere/Generische Klassifikation | MWN Osteuropa | MWN Osteuropa | Lesesaal - 1 | 07/07/2017 | 15-01260 Ersatzß | D 52 rd Abs 1 (4) | E00401506CBDFE6C | 24/09/2020 | 22/03/2021 | Monographien |